We don't talk about bruno lyrics Encanto - Statistics

General Stats
  • This quiz has been taken 75 times
  • The average score is 34 of 100
Answer Stats
Hint Lyrics Hint Lyrics Hint % Correct
Pepa We Always would
95%
I? your Isabela Hey sis,
75%
I just
75%
I woud
75%
a Grappling that my
65%
a Camilo SEVEN on his way!
65%
a fish lady He
65%
a my
65%
it lift that
65%
it sees Yeah, about
65%
Pepa Bruno Yeah, now!
63%
Bruno a gut
63%
was with the
56%
my a life
54%
my about Abuela Time for dinner!
54%
day so my
53%
day, would
53%
wedding Gift of
53%
he your truth and the
46%
he don't boyfriend's
46%
the they like the
46%
the back betrothed to
46%
the don't Mirabel Why did I talk about Bruno?
46%
the everyone Your
46%
in prophecies would grow
44%
in you Abuela Oye
44%
in Bruno
44%
in me
44%
and the someday
42%
But heavy me
42%
but die
42%
cloud with power
39%
get we everyone He's here! Don't talk about Bruno
39%
mi all you
39%
sky couldn't grapes that
39%
Pepa You along would be just
39%
getting Abuela promised
37%
ready and and
37%
there family be mine
37%
were left be
37%
go to him now
35%
like dreams I really need to
35%
looks your that Bruno
35%
rain and know about
35%
story When another,
35%
tell screams! whole truth
35%
Felix THUNDER rats of my dreams
35%
with understand? Mariano's
35%
with my head!
35%
am calls him now
33%
on black I can hear him
33%
or he It's like I hear
33%
telling his out of reach,
33%
brain Bruno Camilo SEVEN FOOT frame rats along his back When he calls your name it all fades to black Yeah, he sees your dreams and FEASTS on your screams!
32%
did on Gimme the
32%
wasn't fumbling He told me
32%
Felix Why FEASTS Bruno
32%
grin frame, that the man
30%
sorry, it sound out of
30%
Pepa Bruno walks Do vine
28%
floods talk here!
28%
Felix I'm name I want not a
28%
says he Mirabel Um, Bruno
28%
to fat guy He
28%
vida, fades Dolores It's like I hear
28%
us? hey! Bruno!
26%
hurricane told
25%
Pepa Married about Mirabel I never should've brought up Bruno!
23%
mischievous FOOT Dolores He told me
23%
Felix What me
23%
Felix Abuela no,no,no everyone sings at the same time... after that
21%
umbrellas talk everyone Not a word about Bruno
21%
anyway the
19%
Felix No clouds allowed in the sky understand thrive on the
19%
of grow
19%
of is
19%
Felix It was our wedding day humbling dreams
18%
joyous fish
18%
we dont talk about bruno a told
18%
we don't talk about Bruno day,
18%
hear said
16%
live told
16%
grew chorus no,no
14%
him priest He
14%
him now look at
14%
Pepa In doing so, everyone We Camilo Isabela, your
14%
sound fate
14%
always he
12%
associate disappear
12%
fallen sealed when
12%
fear I'd
12%
sand your prophecy
12%
can like
11%
Dolores Hey! DEAD!
11%
Pepa We dont talk about bruno,nonono It's Isabela He
9%
Pepa and Felix We don't talk about Bruno,nonono next
9%
muttering and mumbling that all my hair
5%
sorta said
4%
stuttering or stumbling and
4%
ch, ch, ch is read!
0%
No matching quizzes found
Score Distribution
Percent of People with Each Score
Percentile by Number Answered
Your Score History
You have not taken this quiz